00414nam a22001217a 4500008004100000082002000041245003800061260005600099300001100155942001200166999001500178952009900193230627b xxu||||| |||| 00| 0 eng d a338.1bMAR 2001 aNational Policy on Sugar Industry bMinistry of Agriculture and Rural Developmentc2001 aII,10p 2ddccBK c2919d2919 00102ddc4070a002b002d2023-06-27l0o338.1 MAR 2001p10012599r2023-06-27w2023-06-27yBK